| 000 | 00345nam a2200133Ia 4500 | ||
|---|---|---|---|
| 008 | 240624s9999 xx 000 0 und d | ||
| 041 | _aeng | ||
| 082 | _a658.421 THE | ||
| 100 | _aTHERIN FRANCOIS | ||
| 245 | _aHANDBOOK OF RESEARCH ON TECHNO ENTREPREN | ||
| 260 |
_c2013 _aUk _bEdward Elgar |
||
| 300 | _axii.384 p. ; 23 cm. | ||
| 365 |
_cBPS _b33 |
||
| 999 |
_c32269 _d32269 |
||